000 01008nam a2200253 i 4500
001 65035
003 ES-MaACL
005 20250830220940.0
007 t|
008 040108s1930 sp ||||1| spa d
100 1 _aFrank, Waldo.
_952316
245 1 0 _aRedescubrimiento de América /
_cWaldo Frank ; traducción del inglés por J. Héctor de Zaballa.
250 _a2ª ed.
260 _aMadrid :
_bRevista de Occidente,
_c[1930]
300 _a276 p. ;
_c23 cm.
510 _aCCPB,
_c001225600-5.
651 4 _aEstados Unidos-
_xCivilización
_98535
700 1 _aHéctor de Zaballa, Julia.
_9171926
852 _aES-MaACL
_jD-6534
_967471
_bR.M.6125
_cSVI
_fSello en tinta azul de la Biblioteca del Ateneo de Madrid.
_fSello en tinta azul en anteportada de la Librería Enrique Prieto.
_qEl libro no tiene cubierta y el lomo está dañado.
_zSello en tinta azul en portada: "11.ENE."
942 _2udc
_cMONOGRAFIA
999 _c65035
_d65035